• 首页
  • 本馆介绍
  • 公告通知
  • 最新文献
  • 馆藏检索
  • 电子资源
  • 读者导购
  • 参考咨询
  • 我的图书馆
  • 登录
  • 详细信息显示
  • 放入我的书架
  • 预约/预借图书
  • 作者相关作品
  • 分类相关作品
  • 丛书相关作品
  • 出版社相关作品

书目信息

  • 表格格式
  • 工作单格式
  • 卡片格式
题名:
企业连锁经营与管理
    
 
作者: 顾国建 , 刘斌 主编
分册:  
出版信息: 北京   高等教育出版社  2013
页数: 320页
开本: 24cm
丛书名:
单 册:
中图分类: F717.6
科图分类:
主题词: 连锁店--商业经营--高等学校--教材 , 连锁店--商业管理--高等学校--教材
电子资源:
ISBN: 978-7-04-021857-2
000 01019nam0 2200277 450
001 337884
005 20150529084227.45
010    @a978-7-04-021857-2@dCNY29.50
100    @a20080402d2007 em y0chiy50 ea
101 0  @achi
102    @aCN@b110000
105    @ay z 000yy
106    @ar
200 1  @a企业连锁经营与管理@Aqi ye lian suo jing ying yu guan li@d= Chain operation and management@f顾国建, 刘斌主编@zeng
210    @a北京@c高等教育出版社@d2013
215    @a320页@d24cm
300    @a普通高等教育“十一五”国家级规划教材 高等学校经济与管理专业系列教材
330    @a本书共分11章, 主要介绍连锁经营的实质与特征、基本模式、主要业态、门店运营技术等连锁经营管理的基本内容。
510 1  @aChain operation and management@zeng
606 0  @a连锁店@x商业经营@x高等学校@j教材
606 0  @a连锁店@x商业管理@x高等学校@j教材
690    @aF717.6@v5
701  0 @a顾国建@Agu guo jian@f(1954)@4主编
701  0 @a刘斌@Aliu bin@c(女, @f1972.5)@4主编
801  0 @aCN@b卓展宏图@c20150525
905    @dF717.6@e731@f4
    
    企业连锁经营与管理= Chain operation and management/顾国建, 刘斌主编.-北京:高等教育出版社,2013
    320页;24cm
    普通高等教育“十一五”国家级规划教材 高等学校经济与管理专业系列教材
    
    ISBN 978-7-04-021857-2:CNY29.50
    本书共分11章, 主要介绍连锁经营的实质与特征、基本模式、主要业态、门店运营技术等连锁经营管理的基本内容。
●
相关链接 在E读中查询图书 在五车中查询图书 在当当中查询图书 在豆瓣中查询图书


正题名:企业连锁经营与管理     索取号:F717.6/731         预约/预借

序号 登录号 条形码 馆藏地/架位号 状态 备注
1 856556   208565569   第一样本阅览室/ [索取号:F717.6/731] 在馆    
2 856557   208565578   密集书库-海洋学院/ [索取号:F717.6/731] 在馆    
3 856558   208565587   第一借阅区/ [索取号:F717.6/731] 在馆    
4 856559   208565596   第一借阅区/ [索取号:F717.6/731] 在馆    
唐山师范学院图书馆 欢迎您!
大连网信软件有限公司© 版权所有